000 00853nmm a2200265 a 4500
001 ocm0002015351
003 TR-IsHL
005 20201028175307.0
008 181022s2016 tu TR
007 cr cn
020 _a978­605­9241­51­9
035 _a2015351
_b(N$T)
050 0 4 _aPL248.K364
_bY89 2016
090 0 4 _aPL248.K364
_bY89 2016
100 1 _aKandemir, Osman Gazi
245 1 0 _aYüzyıllık hikaye
_h[electronic resource] /
_cOsman Gazi Kandemir
260 _aİstanbul :
_bBilge Kültür Sanat,
_c2016
300 _a3351 p.
650 4 _aDil ve Edebiyat
650 4 _aLanguage and Literature
650 0 _aTürk romanı
650 0 _aTurkish fiction
650 7 _aLITERARY COLLECTIONS / Middle Eastern
_2bisacsh
856 4 0 _uhttp://search.ebscohost.com/login.aspx?direct=true&scope=site&db=e011xww&AN=2015351
999 _c18600
_d18600